Library Banner

The top 10 shareware manual (Record no. 25023)

MARC details
000 -LEADER
fixed length control field 00452nam a2200181Ia 4500
001 - CONTROL NUMBER
control field 24835
008 - FIXED-LENGTH DATA ELEMENTS--GENERAL INFORMATION
fixed length control field 140411s9999 xx 000 0 und d
020 ## - INTERNATIONAL STANDARD BOOK NUMBER
International Standard Book Number 0-13-021250-4
040 ## - CATALOGING SOURCE
Transcribing agency PK-LaUMT
082 ## - DEWEY DECIMAL CLASSIFICATION NUMBER
Classification number 005
Item number PEL-T
100 ## - MAIN ENTRY--PERSONAL NAME
Personal name Michel Pelletier
245 #4 - TITLE STATEMENT
Title The top 10 shareware manual
Statement of responsibility, etc Michel Pelletier
260 ## - PUBLICATION, DISTRIBUTION, ETC. (IMPRINT)
Place of publication, distribution, etc Harlow,UK:
Name of publisher, distributor, etc Pearson Education,
Date of publication, distribution, etc 1997
300 ## - PHYSICAL DESCRIPTION
Extent 674 p.
546 ## - LANGUAGE NOTE
Language note EN
650 ## - SUBJECT ADDED ENTRY--TOPICAL TERM
Topical term or geographic name as entry element Computer software
942 ## - ADDED ENTRY ELEMENTS (KOHA)
Koha item type Books
Holdings
Withdrawn status Lost status Damaged status Not for loan Home library Current library Date acquired Total Checkouts Full call number Barcode Date last seen Price effective from Koha item type
        UMT Main Campus UMT Main Campus 2014-04-11   005 PEL-T 26407 2014-04-24 2014-04-24 Books